000 00911nam a2200253Ia 4500
003 OSt
005 20221005113134.0
006 a|||||r|||| 00| 0
007 ta
008 221004b |||||||| |||| 00| 0 pan d
020 _a8180590828
_c100
024 _a117061
037 _b7830/IV, 31/01/2011, Arsee Publishers
_cTextual
040 _aCRL
_cCRL
_bpan
041 _2pan
_apan
082 _aO153,6N372:g, Q0
100 _aਹੰਸਪ੍ਰੀਤ ਕੌਰ
245 0 _aਅਖ਼ਗ਼ਲ ਅਹਿਸਨ ਰੰਧਾਵਾ
_b ਸਿਰਜਣਾ ਤੇ ਸੰਚਾਰ
260 _aਦਿੱਲੀ
_b੍ਰੀ ਪ੍ਰਕਾਨ ਭਾਰਤ
_c2010
300 _a64ਪੰ
_ccm.
650 _aਪੰਜਾਬੀ ਸਾਹਿਤ
942 _hO153,6N372:g, Q0
_cTEXL
_2cc
999 _c1027163
_d1027163